|
|
|
|
| LEADER |
00836nab a2200217 i 4500 |
| 001 |
publ21866 |
| 005 |
20210719121229.0 |
| 008 |
210713s2019 hu o 0|| zxx d |
| 022 |
|
|
|a 1419-6956
|
| 024 |
7 |
|
|a 31040549
|2 mtmt
|
| 040 |
|
|
|a SZTE Publicatio Repozitórium
|b hun
|
| 041 |
|
|
|a zxx
|
| 100 |
2 |
|
|a Lippai-Makra Edit
|
| 245 |
1 |
0 |
|a Trendek a nem pénzügyi jelentések világában
|h [elektronikus dokumentum] /
|c Lippai-Makra Edit
|
| 260 |
|
|
|c 2019
|
| 300 |
|
|
|a 35-37
|
| 490 |
0 |
|
|a SZÁMVITEL ADÓ KÖNYVVIZSGÁLAT: SZAKMA
|v 61 No. 12
|
| 700 |
0 |
1 |
|a Tóth Balázs
|e aut
|
| 700 |
0 |
1 |
|a Rádóczi Zsolt
|e aut
|
| 856 |
4 |
0 |
|u http://publicatio.bibl.u-szeged.hu/21866/7/31040549_tart.jegy..pdf
|z Dokumentum-elérés
|
| 856 |
4 |
0 |
|u http://publicatio.bibl.u-szeged.hu/21866/1/KONYVVIZSGALAT_Lippai-Toth-Radoczi_Nem_pui_jelentesek_LN.pdf
|z Dokumentum-elérés
|